| 000 | 01392nas1a22002531 4500 | ||
|---|---|---|---|
| 001 | RU\NLR\BIBL_A\011248723 | ||
| 005 | 20250807190205.0 | ||
| 035 | _a(NLR Aleph) 011248723 | ||
| 090 |
_a1363 _c1363 |
||
| 100 | _a20250807 rusy50 | ||
| 101 | 0 | _aalt | |
| 102 | _aRU | ||
| 110 | _acfuzz 0|y| | ||
| 200 | 1 |
_aЈаҥы јол _eКПСС-тиҥ Кош-Агаштагы районный комитединиҥ ле ишкӱчиле јаткандардыҥ депутаттарыныҥ аймачный Совединиҥ газеди |
|
| 210 |
_aс. Кош-Агач _d1932-1959 |
||
| 300 | _aПодзаг.: 1932: БСК(Б)П-ҥ Кӧш-Агаш аймак комитединиҥ, аймак Совет комитединиҥ ле Аймпрофсоветтиҥ газеди; 1938, № 11 (315) - 1940, № 5(388): Орган Кош-Агачского РК ВКП(б) и АИК'а; 1940 № 6 (389) - 1959, № 100 (1490): КПСС-тиҥ Кош-Агаштагы районный комитединиҥ ле ишкӱчиле јаткандардыҥ депутаттарыныҥ аймачный Совединиҥ газеди | ||
| 541 | 1 |
_a[Новый путь] _zrus |
|
| 852 |
_aNLR _bОНЛ _jАлт.г./1-2 |
||
| 942 | _cNEWSPAPER | ||
| 945 | _aРоссийская национальная библиотека | ||
| 980 | _aNB | ||
| 980 | _aBV | ||
| 980 | _aONLPER | ||